Combien de fois pourriez vous écrire l'alphabet en 30 sec ? - Statistiques

Statistiques générales
  • Ce quiz a été pris 1 726 fois
    1 234 depuis la dernière actualisation
  • Le résultat moyen est 52 sur 313
Statistiques - réponses
lettre Nombre % Correct
A 1
100%
B
98%
C
97%
D
96%
E
95%
F
95%
G
94%
H
93%
I
92%
J
91%
K
91%
L
91%
M
91%
N
89%
O
89%
P
89%
Q
87%
R
87%
S
87%
T
86%
U
86%
V
86%
W
85%
X
84%
Y
83%
Z
82%
A 2
77%
B
76%
C
76%
D
74%
E
74%
F
74%
G
73%
H
72%
I
71%
J
71%
K
70%
L
69%
M
69%
N
67%
O
67%
P
66%
Q
64%
R
64%
S
64%
T
63%
U
62%
V
61%
W
59%
X
57%
Y
54%
Z
54%
A 3
51%
B
50%
C
48%
D
46%
E
46%
F
44%
G
43%
H
41%
I
39%
J
38%
K
37%
L
36%
M
35%
N
33%
O
32%
P
31%
Q
28%
R
26%
S
25%
T
24%
U
24%
V
22%
W
19%
X
17%
Y
15%
Z
14%
A 4
13%
B
12%
C
12%
D
12%
E
11%
F
10%
G
9%
H
9%
I
8%
J
7%
K
7%
L
7%
M
6%
N
6%
O
6%
P
5%
Q
4%
R
4%
S
4%
T
4%
U
3%
V
3%
W
3%
X
3%
Y
3%
Z
3%
A 5
2%
B
2%
C
2%
D
2%
E
2%
F
2%
G
2%
H
2%
I
2%
J
2%
A 6
1%
K
1%
L
1%
M
1%
N
1%
O
1%
P
1%
Q
1%
R
1%
S
1%
T
1%
U
1%
V
1%
W
1%
X
1%
Y
1%
Z
1%
A 7
0%
A 8
0%
A 9
0%
A 10
0%
A 11
0%
A 12
0%
B
0%
B
0%
B
0%
B
0%
B
0%
B
0%
B
0%
C
0%
C
0%
C
0%
C
0%
C
0%
C
0%
C
0%
D
0%
D
0%
D
0%
D
0%
D
0%
D
0%
D
0%
E
0%
E
0%
E
0%
E
0%
E
0%
E
0%
E
0%
F
0%
F
0%
F
0%
F
0%
F
0%
F
0%
F
0%
G
0%
G
0%
G
0%
G
0%
G
0%
G
0%
G
0%
H
0%
H
0%
H
0%
H
0%
H
0%
H
0%
H
0%
I
0%
I
0%
I
0%
I
0%
I
0%
I
0%
I
0%
I
0%
J
0%
J
0%
J
0%
J
0%
J
0%
J
0%
J
0%
K
0%
K
0%
K
0%
K
0%
K
0%
K
0%
K
0%
L
0%
L
0%
L
0%
L
0%
L
0%
L
0%
L
0%
M
0%
M
0%
M
0%
M
0%
M
0%
M
0%
M
0%
N
0%
N
0%
N
0%
N
0%
N
0%
N
0%
N
0%
O
0%
O
0%
O
0%
O
0%
O
0%
O
0%
O
0%
P
0%
P
0%
P
0%
P
0%
P
0%
P
0%
P
0%
Q
0%
Q
0%
Q
0%
Q
0%
Q
0%
Q
0%
Q
0%
R
0%
R
0%
R
0%
R
0%
R
0%
R
0%
R
0%
S
0%
S
0%
S
0%
S
0%
S
0%
S
0%
S
0%
T
0%
T
0%
T
0%
T
0%
T
0%
T
0%
T
0%
U
0%
U
0%
U
0%
U
0%
U
0%
U
0%
U
0%
V
0%
V
0%
V
0%
V
0%
V
0%
V
0%
V
0%
W
0%
W
0%
W
0%
W
0%
W
0%
W
0%
W
0%
X
0%
X
0%
X
0%
X
0%
X
0%
X
0%
X
0%
Y
0%
Y
0%
Y
0%
Y
0%
Y
0%
Y
0%
Y
0%
Z
0%
Z
0%
Z
0%
Z
0%
Z
0%
Z
0%
Z
0%
Aucun quiz correspondant
Distribution des résultats
% des personnes avec chaque résultat
Percentile par nombre de réponses
Votre historique - résultats
Vous n’avez pas pris ce quiz depuis la dernière actualisation